Planning and designing the multipurpose room in elementary schools; (Record no. 22224)

MARC details
000 -LEADER
fixed length control field 01090cam a22002771 4500
001 - CONTROL NUMBER
control field e 54000036
003 - CONTROL NUMBER IDENTIFIER
control field DLC
005 - DATE AND TIME OF LATEST TRANSACTION
control field 20260227111235.0
008 - FIXED-LENGTH DATA ELEMENTS--GENERAL INFORMATION
fixed length control field 790412s1954 dcua b f000 0 eng c
010 ## - LIBRARY OF CONGRESS CONTROL NUMBER
LC control number e 54000036
035 ## - SYSTEM CONTROL NUMBER
System control number (OCoLC)4851477
040 ## - CATALOGING SOURCE
Original cataloging agency U.S. Office of Education. Library
Transcribing agency ICharE
Modifying agency DLC
042 ## - AUTHENTICATION CODE
Authentication code premarc
043 ## - GEOGRAPHIC AREA CODE
Geographic area code n-us---
050 00 - LIBRARY OF CONGRESS CALL NUMBER
Classification number LB3325.M8
Item number T3
082 ## - DEWEY DECIMAL CLASSIFICATION NUMBER
Classification number 371.62
100 1# - MAIN ENTRY--PERSONAL NAME
Personal name Taylor, James L.
245 10 - TITLE STATEMENT
Title Planning and designing the multipurpose room in elementary schools;
Remainder of title its meaning, characteristics, and uses as reflected in survey reports from all States, Hawaii, and Alaska.
260 ## - PUBLICATION, DISTRIBUTION, ETC.
Place of publication, distribution, etc. [Washington]
Name of publisher, distributor, etc. U.S. Dept. of Health, Education, and Welfare, Office of Education
Date of publication, distribution, etc. [1954]
300 ## - PHYSICAL DESCRIPTION
Extent vi, 48 p.
Other physical details illus., diagrs.
Dimensions 20 x 26 cm.
410 10 - SERIES STATEMENT/ADDED ENTRY--CORPORATE NAME [OBSOLETE, CAN/MARC], [LOCAL, USA]
Corporate name or jurisdiction name as entry element United States.
Subordinate unit Office of Education.
Title of a work Special publication,
Volume number/sequential designation no. 3
504 ## - BIBLIOGRAPHY, ETC. NOTE
Bibliography, etc. note Bibliography: p. 47-48.
650 #0 - SUBJECT ADDED ENTRY--TOPICAL TERM
Topical term or geographic name entry element School buildings
Geographic subdivision United States.
740 0# - ADDED ENTRY--UNCONTROLLED RELATED/ANALYTICAL TITLE
Uncontrolled related/analytical title Designing the multipurpose room in elementary schools.
740 4# - ADDED ENTRY--UNCONTROLLED RELATED/ANALYTICAL TITLE
Uncontrolled related/analytical title The multipurpose room in elementary schools.

No items available.

Powered by Koha